[Event "Helsingor Xtracon op"]
[Site "Helsingor"]
[Date "2019.07.28"]
[Round "10"]
[White "Harders, Poul Erik"]
[Black "Fuchs, Jochen"]
[Result "0-1"]
[WhiteElo "1676"]
[BlackElo "1742"]
[PlyCount "44"]
[EventDate "2019.07.20"]
[EventType "swiss"]
[EventRounds "10"]
[EventCountry "DEN"]
[SourceTitle "CBM 191 Extra"]
[Source "ChessBase"]
[SourceDate "2019.09.30"]
[SourceVersion "1"]
[SourceVersionDate "2019.09.30"]
[SourceQuality "1"]

1. d4 f5 2. Nf3 d6 3. c4 Nf6 4. Nc3 g6 5. g3 Bg7 6. d5 e5 7. dxe6 Bxe6 8. Qd3 Na6 9. Ng5 Qd7 10. Nxe6 Qxe6 11. Nd5 Nxd5 12. cxd5 Qe7 13. Bg2 0-0 14. 0-0 Rae8 15. Re1 Nc5 16. Qc2 Ne4 17. f3 Nf6 18. Rb1 Kh8 19. b3 Nxd5 20. Bd2 Ne3 21. Bxe3 Qxe3+ 22. Kf1 Bd4 0-1

[Event "Rhein Main op-B 20th"]
[Site "Bad Homburg"]
[Date "2017.06.18"]
[Round "7"]
[White "Fuchs, Jochen"]
[Black "Ross, Norbert"]
[Result "1/2-1/2"]
[WhiteElo "1652"]
[BlackElo "1826"]
[PlyCount "41"]
[EventDate "2017.06.14"]
[EventType "swiss"]
[EventRounds "7"]
[EventCountry "GER"]
[SourceTitle "EXT 2018"]
[Source "ChessBase"]
[SourceDate "2017.10.13"]
[SourceVersion "1"]
[SourceVersionDate "2017.10.13"]
[SourceQuality "1"]

1. Nf3 d5 2. c4 c6 3. g3 e6 4. b3 Be7 5. Bb2 Bf6 6. Qc1 Nd7 7. e3 Bxb2 8. Qxb2 Qf6 9. Qxf6 Ngxf6 10. d4 0-0 11. Bg2 Re8 12. 0-0 e5 13. cxd5 Nxd5 14. Nxe5 Nxe5 15. dxe5 Rxe5 16. e4 Nf6 17. f4 Re8 18. Nc3 Kf8 19. Bf3 Bg4 20. Bxg4 Nxg4 21. Rfe1 1/2-1/2

[Event "Rhein Main op-B 20th"]
[Site "Bad Homburg"]
[Date "2017.06.17"]
[Round "5"]
[White "Fuchs, Jochen"]
[Black "Lebermann, Hellmuth"]
[Result "1-0"]
[WhiteElo "1652"]
[BlackElo "1862"]
[PlyCount "57"]
[EventDate "2017.06.14"]
[EventType "swiss"]
[EventRounds "7"]
[EventCountry "GER"]
[SourceTitle "EXT 2018"]
[Source "ChessBase"]
[SourceDate "2017.10.13"]
[SourceVersion "1"]
[SourceVersionDate "2017.10.13"]
[SourceQuality "1"]

1. Nf3 Nf6 2. c4 g6 3. b3 Bg7 4. Bb2 0-0 5. g3 c5 6. Bg2 Nc6 7. 0-0 d5 8. e3 d4 9. exd4 cxd4 10. d3 e5 11. Na3 Re8 12. Nc2 h6 13. b4 Qc7 14. a4 Bd7 15. Qd2 Rad8 16. a5 b6 17. axb6 axb6 18. Na3 Qc8 19. Rfc1 Bh3 20. Bh1 Nh5 21. c5 bxc5 22. bxc5 Nf4 23. Nc4 Qe6 24. Ra6 Ra8 25. Rxc6 Qxc6 26. Nfxe5 Qa6 27. Qxf4 Bxe5 28. Nxe5 Rab8 29. Qxf7+ 1-0

[Event "Rhein Main op-B 20th"]
[Site "Bad Homburg"]
[Date "2017.06.17"]
[Round "6"]
[White "Janzen, Andreas"]
[Black "Fuchs, Jochen"]
[Result "1-0"]
[WhiteElo "1832"]
[BlackElo "1652"]
[PlyCount "83"]
[EventDate "2017.06.14"]
[EventType "swiss"]
[EventRounds "7"]
[EventCountry "GER"]
[SourceTitle "EXT 2018"]
[Source "ChessBase"]
[SourceDate "2017.10.13"]
[SourceVersion "1"]
[SourceVersionDate "2017.10.13"]
[SourceQuality "1"]

1. d4 c5 2. d5 d6 3. c4 e5 4. e4 Nf6 5. Nc3 Be7 6. f4 exf4 7. Bxf4 Bg4 8. Be2 Bxe2 9. Qxe2 0-0 10. h3 Re8 11. Nf3 Nh5 12. Bh2 Bh4+ 13. Nxh4 Qxh4+ 14. Qf2 Qd8 15. 0-0 Qf6 16. Bxd6 Qxf2+ 17. Rxf2 Nd7 18. Raf1 Nhf6 19. b3 b6 20. Rf5 Nxe4 21. Nxe4 Rxe4 22. Rxf7 Nf6 23. Re7 Rxe7 24. Bxe7 Nd7 25. Re1 Re8 26. Bh4 Rxe1+ 27. Bxe1 Ne5 28. Bc3 Nd3 29. Bd2 a5 30. Kf1 Kf7 31. Ke2 Ne5 32. Ke3 g6 33. Ke4 Nd7 34. g4 Ke7 35. Bg5+ Kf7 36. a3 Nf6+ 37. Bxf6 Kxf6 38. h4 Ke7 39. Ke5 Kd7 40. g5 Kc7 41. Ke6 b5 42. a4 1-0